[Event "BRA CEAX op 2nd "]
[Site "Brazil"]
[Date "2003.07.05"]
[Round "2"]
[White "Knoblauch, Walter Lucas"]
[Black "Moulin, Ronaldo T"]
[Result "0-1"]
[WhiteElo "1746"]
[BlackElo "1808"]
[PlyCount "64"]
[EventDate "2003.07.??"]
[EventType "swiss"]
[EventRounds "6"]
[EventCountry "BRA"]
[SourceTitle "EXT 2006"]
[Source "ChessBase"]
[SourceDate "2005.11.24"]
[SourceVersion "1"]
[SourceVersionDate "2005.11.24"]
[SourceQuality "1"]

1. d4 e6 2. c4 d5 3. Nc3 Nf6 4. Bg5 c6 5. e3 h6 6. Bxf6 Qxf6 7. cxd5 cxd5 8. Rc1 Bb4 9. Qa4+ Nc6 10. a3 Bxc3+ 11. Rxc3 0-0 12. Bb5 Bd7 13. Qc2 Rfc8 14. Nf3 Qd8 15. h4 a6 16. Ba4 b5 17. Ng5 hxg5 18. hxg5 g6 19. e4 Qxg5 20. Rch3 bxa4 21. Qe2 Qc1+ 22. Qd1 Qxd1+ 23. Kxd1 dxe4 24. g4 Kg7 25. g5 Rh8 26. Rxh8 Rxh8 27. Re1 Nxd4 28. Rxe4 Nf5 29. Kd2 Rh4 30. f4 Ne7 31. Rd4 Nd5 32. Kd3 Rxf4 0-1

[Event "BRA CEAX op 2nd "]
[Site "Brazil"]
[Date "2003.07.04"]
[Round "1"]
[White "Moulin, Ronaldo T"]
[Black "Rocha, Jorge Wilson"]
[Result "0-1"]
[WhiteElo "1808"]
[BlackElo "2241"]
[PlyCount "76"]
[EventDate "2003.07.??"]
[EventType "swiss"]
[EventRounds "6"]
[EventCountry "BRA"]
[SourceTitle "EXT 2006"]
[Source "ChessBase"]
[SourceDate "2005.11.24"]
[SourceVersion "1"]
[SourceVersionDate "2005.11.24"]
[SourceQuality "1"]

1. d4 d5 2. Nf3 e6 3. Bf4 Nf6 4. h3 c5 5. e3 Nc6 6. Bb5 Qa5+ 7. Nc3 Ne4 8. Bxc6+ bxc6 9. 0-0 Nxc3 10. bxc3 Qxc3 11. Qd3 Qxd3 12. cxd3 cxd4 13. Nxd4 Bd7 14. Nb3 c5 15. Rfc1 Rc8 16. Rc3 c4 17. dxc4 Bb4 18. Rcc1 dxc4 19. a3 Be7 20. Nd2 Bf6 21. Rab1 e5 22. Bh2 Be6 23. Ne4 0-0 24. Nxf6+ gxf6 25. e4 Rfd8 26. f4 exf4 27. Bxf4 c3 28. g4 a5 29. Bh6 a4 30. Rf1 c2 31. Rbc1 Rd3 32. Kg2 Rxa3 33. Rxf6 Rd3 34. Rff1 a3 35. Ra1 a2 36. Rfe1 Rb8 37. Rec1 Rb2 38. Re1 c1Q+ 0-1